[Event "Sparkassen-Open A"]
[Site "Heusenstamm, Martinsee"]
[Date "2024.11.21"]
[Round "1.108"]
[White "Kramer, Lars"]
[Black "Neurohr, Jürgen"]
[Result "1/2-1/2"]
[WhiteElo "1704"]
[BlackElo "1999"]
[PlyCount "137"]
[EventDate "2024.11.21"]
[WhiteTeam "SF 1982 Ötzingen e.V."]
[BlackTeam "Sfr.Mainz 1928"]

1. e4 e5 2. Nf3 Nc6 3. Bb5 a6 4. Ba4 Nf6 5. d3 d6 6. c3 g6 7. O-O Bg7 8. Nbd2 O-O 9. Re1 h6 10. Nf1 Re8 11. Ng3 b5 12. Bc2 Bb7 13. d4 exd4 14. cxd4 Nb4 15. a3 Nxc2 16. Qxc2 c5 17. d5 Nd7 18. Bd2 Re7 19. Bc3 Qf8 20. Rad1 Rae8 21. h4 Ne5 22. Nxe5 Bxe5 23. Bxe5 Rxe5 24. f4 R5e7 25. h5 Bc8 26. e5 Bg4 27. Rd2 dxe5 28. d6 Re6 29. hxg6 fxg6 30. fxe5 c4 31. b3 Qf4 32. d7 Rd8 33. Nf1 Bf5 34. Qc3 Re7 35. Rf2 Qg5 36. bxc4 Bxd7 37. cxb5 Bxb5 38. a4 Be8 39. Qc4+ Kg7 40. Rfe2 a5 41. Nh2 Rb7 42. Qa6 Rb4 43. Nf3 Qe7 44. Qf6+ Qxf6 45. exf6+ Kf8 46. Re7 Rxa4 47. Rh7 Rf4 48. Rh8+ Kf7 49. Re7+ Kxf6 50. Rhxe8 Rxe8 51. Rxe8 Kf7 52. Ra8 a4 53. Ra6 Kg7 54. Ne5 g5 55. Nd3 Rd4 56. Nb2 h5 57. Nxa4 h4 58. Nc5 Rd5 59. Ne6+ Kf7 60. Nc7 Rc5 61. Ne6 Rd5 62. Rc6 g4 63. Nf4 Rd4 64. Nh5 Rd1+ 65. Kh2 h3 66. Rf6+ Ke7 67. g3 Rd2+ 68. Kg1 Rd1+ 69. Kh2 1/2-1/2

[Event "Sparkassen-Open A"]
[Site "Heusenstamm, Martinsee"]
[Date "2024.11.21"]
[Round "1.110"]
[White "Herrmann, Gerhard"]
[Black "Kürschner, Matthias"]
[Result "0-1"]
[WhiteElo "1698"]
[BlackElo "1984"]
[PlyCount "56"]
[EventDate "2024.11.21"]
[WhiteTeam "SC Königsspringer Alzenau e.V"]
[BlackTeam "SK Langen"]

1. e4 Nc6 2. d4 d5 3. e5 f6 4. f4 Nh6 5. Bb5 Bg4 6. Bxc6+ bxc6 7. Qd3 Qb8 8. h3 Bf5 9. Qe3 fxe5 10. fxe5 e6 11. c3 Qb5 12. Ne2 c5 13. O-O Bd3 14. Re1 Nf5 15. Qf2 Be7 16. g3 Bxe2 17. Rxe2 Nxg3 18. Re3 Nf5 19. Rf3 cxd4 20. cxd4 Nxd4 21. Re3 Rf8 22. Qg2 Nc2 23. Nc3 Qa6 24. Qxc2 Qf1+ 25. Kh2 Rf2+ 26. Qxf2 Qxf2+ 27. Kh1 Bc5 28. Nb5 Kd7 0-1

[Event "Sparkassen-Open A"]
[Site "Heusenstamm, Martinsee"]
[Date "2024.11.21"]
[Round "1.111"]
[White "Buchholz, Maja Patricia"]
[Black "Hebauf, Markus"]
[Result "1-0"]
[WhiteElo "1972"]
[BlackElo "1696"]
[PlyCount "91"]
[EventDate "2024.11.21"]
[WhiteTeam "Wiesbadener SV 1885"]
[BlackTeam "Sfr.1932 Kelkheim"]

1. c4 c5 2. g3 Nc6 3. Bg2 e6 4. Nc3 Nf6 5. Nf3 Be7 6. O-O d6 7. d4 cxd4 8. Nxd4 Bd7 9. Ndb5 Bc8 10. Qa4 O-O 11. Bf4 e5 12. Bg5 Be6 13. Bxf6 gxf6 14. Nd5 a6 15. Nbc3 Rc8 16. Qd1 Nd4 17. e3 Nf5 18. b3 Rc6 19. Nxe7+ Nxe7 20. Bxc6 bxc6 21. Ne4 Bh3 22. Re1 Ng6 23. Qxd6 Qxd6 24. Nxd6 Bg4 25. Kg2 Rd8 26. Ne4 f5 27. Nf6+ Kg7 28. Nxg4 fxg4 29. Red1 Rc8 30. Rd7 Kf6 31. Rad1 Nf8 32. Ra7 Ke6 33. Rxa6 Nd7 34. b4 e4 35. c5 Ne5 36. Rd6+ Ke7 37. a3 h5 38. Ra7+ Kf8 39. Rh6 Kg7 40. Rxh5 Nf3 41. Rf5 Rd8 42. Rfxf7+ Kg6 43. Rg7+ Kh6 44. Rxg4 Ng5 45. h4 Kh5 46. Rxg5+ 1-0

[Event "Sparkassen-Open A"]
[Site "Heusenstamm, Martinsee"]
[Date "2024.11.21"]
[Round "1.112"]
[White "Rotärmel, Leonie"]
[Black "Tornay Gomez, Josu"]
[Result "0-1"]
[WhiteElo "1683"]
[BlackElo "1993"]
[PlyCount "72"]
[EventDate "2024.11.21"]
[WhiteTeam "SK Bad Homburg 1927"]
[BlackTeam "SJ Herborn 1998"]

1. e4 e5 2. Nf3 Nc6 3. Bc4 Bc5 4. d3 Nf6 5. c3 O-O 6. O-O d5 7. exd5 Nxd5 8. b4 Be7 9. b5 Na5 10. Qa4 Nxc4 11. dxc4 Nb6 12. Qb3 Be6 13. Rd1 Qe8 14. Nbd2 f6 15. a4 Rd8 16. Re1 Qf7 17. Re4 Nd7 18. Ba3 Bc5 19. Bb4 h6 20. Qb2 Bd6 21. Qa3 b6 22. Bxd6 cxd6 23. Qb4 Nc5 24. Re3 f5 25. Ne1 f4 26. Re2 Bf5 27. f3 Qh5 28. Ra2 g5 29. h3 Qg6 30. Nf1 h5 31. Qb2 e4 32. fxe4 Bxe4 33. Rd2 g4 34. hxg4 hxg4 35. Nc2 f3 36. Rf2 g3 0-1

[Event "Sparkassen-Open A"]
[Site "Heusenstamm, Martinsee"]
[Date "2024.11.21"]
[Round "1.113"]
[White "Woestmann, Ulrich"]
[Black "Henzelmann, Matthias"]
[Result "1-0"]
[WhiteElo "1987"]
[BlackElo "1680"]
[PlyCount "85"]
[EventDate "2024.11.21"]
[WhiteTeam "SV Ahlen 1954 e. V."]
[BlackTeam "SC Heuchelheim"]

1. e4 c5 2. Nc3 e6 3. g3 Nc6 4. Bg2 Nf6 5. f4 d5 6. e5 d4 7. exf6 dxc3 8. fxg7 cxd2+ 9. Bxd2 Bxg7 10. c3 Ke7 11. Qe2 Re8 12. Nf3 Qc7 13. O-O Bd7 14. f5 e5 15. Ng5 f6 16. Qh5 Rf8 17. Qxh7 Rg8 18. Bd5 Qd8 19. Ne4 Qf8 20. Bxg8 Qxg8 21. Qxg8 Rxg8 22. Nxc5 b6 23. Nxd7 Kxd7 24. Be3 Kc7 25. Rad1 Bf8 26. Rf2 Be7 27. Kg2 Rg4 28. Kf3 Ra4 29. h4 e4+ 30. Kg2 Ne5 31. Bf4 Bd6 32. Bxe5 Bxe5 33. h5 Bd6 34. h6 Bf8 35. h7 Bg7 36. Rfd2 Kc6 37. b3 Ra5 38. Rd6+ Kb7 39. Rd7+ Ka6 40. Rxg7 Rxa2+ 41. Kh3 e3 42. h8=Q e2 43. Qc8+ 1-0

[Event "Sparkassen-Open A"]
[Site "Heusenstamm, Martinsee"]
[Date "2024.11.21"]
[Round "1.114"]
[White "Al Luwaisi, Omer"]
[Black "Pilhöfer, Lukas"]
[Result "0-1"]
[WhiteElo "1667"]
[BlackElo "1949"]
[PlyCount "108"]
[EventDate "2024.11.21"]
[WhiteTeam "SC ML Kastellaun"]
[BlackTeam "SC Sulzbach-Rosenberg"]

1. e4 c5 2. Nf3 e6 3. d4 cxd4 4. Nxd4 a6 5. Nc3 Qc7 6. a3 Nf6 7. Be3 Nc6 8. Be2 b5 9. O-O b4 10. axb4 Bxb4 11. f3 O-O 12. Na4 d5 13. Nxc6 Qxc6 14. c3 Bd6 15. b4 Bc7 16. e5 Bxe5 17. Nb6 Qxc3 18. Bc5 Qxa1 19. Qxa1 Bxa1 20. Rxa1 Bb7 21. Bxf8 Rxf8 22. Bxa6 Bxa6 23. Rxa6 Rb8 24. Kf2 g5 25. Ke3 e5 26. Ra8 Rxa8 27. Nxa8 Kf8 28. b5 Ke7 29. b6 Nd7 30. b7 Kd6 31. Nb6 Nb8 32. Nc8+ Kd7 33. Nb6+ Kc6 34. Nc8 d4+ 35. Kd2 f6 36. Ne7+ Kxb7 37. Kd3 Nd7 38. Nd5 Kc6 39. Ne7+ Kd6 40. Nf5+ Kc5 41. Ng3 Kb4 42. h3 Nc5+ 43. Kc2 Kc4 44. Nf5 h5 45. g4 hxg4 46. hxg4 e4 47. fxe4 Nxe4 48. Nh6 d3+ 49. Kc1 d2+ 50. Kc2 Kd4 51. Nf5+ Ke5 52. Ne7 Kf4 53. Nd5+ Kxg4 54. Ne3+ Kf3 0-1

[Event "Sparkassen-Open A"]
[Site "Heusenstamm, Martinsee"]
[Date "2024.11.21"]
[Round "1.115"]
[White "Ahrends, Norbert"]
[Black "Weidemann, Max"]
[Result "1-0"]
[WhiteElo "1979"]
[BlackElo "1556"]
[PlyCount "55"]
[EventDate "2024.11.21"]
[WhiteTeam "SK 1980 Gernsheim"]
[BlackTeam "Vorw.Orient Mainz"]

1. d4 Nf6 2. c4 g6 3. f3 d5 4. cxd5 Nxd5 5. e4 Nb6 6. Nc3 Bg7 7. Be3 O-O 8. Qd2 e5 9. d5 c6 10. O-O-O Qc7 11. Kb1 Rd8 12. h4 f5 13. Qc2 Kh8 14. Bg5 Rd6 15. Nb5 Qd7 16. Nxd6 Qxd6 17. dxc6 Qxc6 18. Rd8+ Bf8 19. Rxf8+ Kg7 20. Rxc8 Nxc8 21. Bd3 f4 22. Ne2 Qd6 23. Rd1 Nc6 24. Bb5 Qc7 25. Bd8 Qf7 26. Bxc6 bxc6 27. Qxc6 Nb6 28. Bxb6 1-0

[Event "Sparkassen-Open A"]
[Site "Heusenstamm, Martinsee"]
[Date "2024.11.21"]
[Round "1.116"]
[White "Manasek, Martin"]
[Black "Calvi, Stefan"]
[Result "0-1"]
[WhiteElo "1656"]
[BlackElo "1978"]
[PlyCount "54"]
[EventDate "2024.11.21"]
[WhiteTeam "SC Flörsheim 1921"]
[BlackTeam "SV Oberursel"]

1. d4 Nf6 2. c4 e6 3. Nc3 Bb4 4. Qc2 d5 5. Nf3 O-O 6. Bg5 h6 7. Bh4 c5 8. e3 cxd4 9. exd4 Nc6 10. Bd3 dxc4 11. Bxc4 Nxd4 12. Qd3 e5 13. O-O Bf5 14. Bxf6 Bxd3 15. Bxd8 Nxf3+ 16. gxf3 Bxc4 17. Rfd1 Raxd8 18. Ne4 Be2 19. Rxd8 Rxd8 20. Kg2 Rd3 21. Ng3 Bxf3+ 22. Kf1 g6 23. a3 Ba5 24. b4 Bb6 25. Ne2 Rd2 26. Re1 f5 27. a4 a6 0-1

[Event "Sparkassen-Open A"]
[Site "Heusenstamm, Martinsee"]
[Date "2024.11.21"]
[Round "1.117"]
[White "Mayorov, Daniel"]
[Black "Ghaznavi, Massoud"]
[Result "1-0"]
[WhiteElo "1977"]
[BlackElo "1637"]
[PlyCount "91"]
[EventDate "2024.11.21"]
[WhiteTeam "Sabt Frankfurter TV 1860"]
[BlackTeam "SV Oberursel"]

1. e4 e5 2. Nf3 d6 3. d4 Bg4 4. dxe5 Bxf3 5. gxf3 c6 6. Bf4 Qa5+ 7. Qd2 Qb6 8. exd6 Qxb2 9. Bh3 Nf6 10. Qc3 Qb6 11. Nd2 Nbd7 12. O-O Qc5 13. Qb2 Bxd6 14. e5 Bxe5 15. Rfe1 O-O 16. Bxe5 Nxe5 17. Rxe5 Qd6 18. Ne4 Nxe4 19. Rxe4 b6 20. Rae1 Qg6+ 21. Rg4 Qh6 22. Bf1 Kh8 23. Bd3 f5 24. Re6 Rf6 25. Rxf6 gxf6 26. Bxf5 Rg8 27. Qd4 c5 28. Qd5 Rxg4+ 29. fxg4 Qc1+ 30. Kg2 Qg5 31. Qd8+ Qg8 32. Qxf6+ Qg7 33. Qxg7+ Kxg7 34. Kf3 h6 35. Ke4 Kf6 36. f4 b5 37. h4 a5 38. g5+ hxg5 39. hxg5+ Kf7 40. Ke5 b4 41. Bd3 a4 42. g6+ Kg7 43. f5 b3 44. f6+ Kh6 45. cxb3 axb3 46. axb3 1-0

[Event "Sparkassen-Open A"]
[Site "Heusenstamm, Martinsee"]
[Date "2024.11.21"]
[Round "1.119"]
[White "Pfarr, Michael"]
[Black "Hildebrand, Azat"]
[Result "1-0"]
[WhiteElo "1954"]
[BlackElo "1591"]
[PlyCount "43"]
[EventDate "2024.11.21"]
[WhiteTeam "SK 1928 Mömbris"]
[BlackTeam "TSG Oberschöneweide e.V."]

1. e4 c6 2. d4 d5 3. e5 c5 4. dxc5 e6 5. Be3 Nd7 6. Nf3 Bxc5 7. Bxc5 Nxc5 8. Nc3 a6 9. Bd3 Ne7 10. h4 O-O 11. Bxh7+ Kxh7 12. Ng5+ Kh6 13. Qd2 Kh5 14. Nxf7 Kg6 15. Nxd8 Rxd8 16. Qf4 Bd7 17. h5+ Kh7 18. h6 Rf8 19. hxg7+ Kxg7 20. Qg5+ Kf7 21. Rh7+ Ke8 22. Qxe7# 1-0